=LDR 00000nam 2200000 4500 =001 INLIS000000000039266 =005 20130612144914 =008 ***********************************ind** =035 ##$$0010-061300000039266 =041 ##$$a ind =082 ##$$a 910.9 =100 ##$$a becker, wheeler =245 ##$$a discovering the american past:look at the evidence =260 ##$$a houghton mifflin company $b USA =300 ##$$a 212 hlm =850 ##$$a NBPNMAT